Ludwig Van Beethoven / (Registro nro. 11753)

Detalles MARC
000 -LEADER
fixed length control field 00731cam a22002653a 4500
001 - CONTROL NUMBER
control field 0000769
003 - CONTROL NUMBER IDENTIFIER
control field DO-SdBNP
005 - DATE AND TIME OF LATEST TRANSACTION
control field 20180130093403.0
007 - PHYSICAL DESCRIPTION FIXED FIELD--GENERAL INFORMATION
fixed length control field 0000769
008 - FIXED-LENGTH DATA ELEMENTS--GENERAL INFORMATION
fixed length control field 861112 1981 sp a 000 0 spa d
010 ## - LIBRARY OF CONGRESS CONTROL NUMBER
LC control number
020 ## - INTERNATIONAL STANDARD BOOK NUMBER
International Standard Book Number 8430512217
040 ## - CATALOGING SOURCE
Original cataloging agency BPMSU
Transcribing agency spa
Modifying agency BPMSU
--
100 1# - MAIN ENTRY--PERSONAL NAME
Personal name Herrera, Juan Ignacio
245 10 - TITLE STATEMENT
Title Ludwig Van Beethoven /
Statement of responsibility, etc. Juan Ignacio Herrera ; ilustraciones J. P. Montero
260 ## - PUBLICATION, DISTRIBUTION, ETC. (IMPRINT)
Place of publication, distribution, etc. Madrid, España :
Name of publisher, distributor, etc. Susaeta ediciones,
Date of publication, distribution, etc. 1981.
300 ## - PHYSICAL DESCRIPTION
Extent 95 p.
Other physical details il.
Dimensions 20 cm.
490 1# - SERIES STATEMENT
Series statement Vidas ilustres
Volume/sequential designation 20
600 00 - SUBJECT ADDED ENTRY--PERSONAL NAME
Personal name
General subdivision
700 12 - ADDED ENTRY--PERSONAL NAME
Personal name Montero, J. P.
Relator term il.
830 #0 - SERIES ADDED ENTRY--UNIFORM TITLE
Uniform title Vidas ilustres
Number of part/section of a work 20
942 ## - ADDED ENTRY ELEMENTS (KOHA)
Source of classification or shelving scheme Dewey Decimal Classification
Koha item type Libros
945 ## - LOCAL PROCESSING INFORMATION (OCLC)
a Inventariado, 2018 /LP
956 ## - LOCAL ELECTRONIC LOCATION AND ACCESS (OCLC)
Access method YLOCKWARD
Materials specified 10
Field link and sequence number BPMSU
Existencias
Withdrawn status Lost status Source of classification or shelving scheme Damaged status Not for loan Collection code Home library Current library Date acquired Source of acquisition Total Checkouts Barcode Date last seen Price effective from Koha item type
    Dewey Decimal Classification     Colección Juvenil General Biblioteca Pública Metropolitana Salomé Ureña Biblioteca Pública Metropolitana Salomé Ureña 11/01/2016 Donado por Susaeta   BPMSU16110018 11/01/2016 11/01/2016 Libros